| 000 | 00484nam a22001937a 4500 | ||
|---|---|---|---|
| 005 | 20230623133528.0 | ||
| 008 | 230623b |||||||| |||| 00| 0 eng d | ||
| 020 | _a0458927309 | ||
| 082 | _a332.1097 | ||
| 100 | _aBinhammer;H.H | ||
| 245 | _aMoney,Banking and the Canadian Finanacial System | ||
| 250 | _a3rd ed. | ||
| 260 |
_aCanada _bMethuen Publications _c1977 |
||
| 300 | _a651 | ||
| 500 | _aInclude Index | ||
| 650 | _aEconomics | ||
| 700 | _aBinhammer;H.H | ||
| 999 |
_c18816 _d18816 |
||